Permainan tradisi

Bibliographic Details
Main Author: Rafidah Joseph Upi
Format: Book
Series:Siri Pintar Membaca
Subjects:

MARC

LEADER 00000cam a2200000 7i4500
001 0000051006
005 20220105104156.0
008 150805
020 |a 9670664255 
020 |a 9789670664255 
090 0 0 |a JP   |b MAL 
100 1 |a Rafidah Joseph Upi 
245 1 0 |a Permainan tradisi   |c Rafidah Joseph Upi 
490 1 |a Siri Pintar Membaca 
500 |a Children age 4-6 years old (yellow) 
650 0 |a Malay language 
999 |a 0001357545   |b Book   |c Children Collection   |e Cawangan Urban Transformation Centre 
999 |a 0001362191   |b Book   |c Children Collection   |e Cawangan Tmn. Ungku Tun Aminah 
999 |a 0001362192   |b Book   |c Children Collection   |e Cawangan Sri Merlong 
999 |a 0001362193   |b Book   |c Children Collection   |e Cawangan Segamat 
999 |a 0001362194   |b Book   |c Children Collection   |e Cawangan Pontian 
999 |a 0001362196   |b Book   |c Children Collection   |e Cawangan Taman Sri Lambak 
999 |a 0001362197   |b Book   |c Children Collection   |e Cawangan Batu Pahat 
999 |a 0001362198   |b Book   |c Children Collection   |e Cawangan Bukit Gambir 
999 |a 0001362199   |b Book   |c Children Collection   |e Cawangan Bandar Penawar 
999 |a 0001362202   |b Book   |c Children Collection   |e Cawangan Taman Universiti 
999 |a 0001362203   |b Book   |c Children Collection   |e Cawangan Tangkak 
999 |a 0001362204   |b Book   |c Children Collection   |e Cawangan Mersing